Understanding complex urban systems (Registro nro. 299196)

Detalles MARC
000 -ENCABEZADO
Número de control [NR] 01411cam a2200325Ii 4500
005 - FECHA Y HORA DE LA ÚLTIMA TRANSACCIÓN
control field 20150603114648.0
008 - DE LONGITUD FIJA DE DATOS DE ELEMENTOS - INFORMACIÓN GENERAL
Elementos de longitud fija [NR] 150603s2014 au abo frb 001 0 eng d
020 ## - NUMERO INTERNACIONAL NORMALIZADO PARA LIBROS [R]
Número Internacional Normalizado del libro [NR] 9783319029955
020 ## - NUMERO INTERNACIONAL NORMALIZADO PARA LIBROS [R]
Número Internacional Normalizado del libro [NR] 3319029959
035 ## - NUMERO DE CONTROL DEL SISTEMA [R]
Número de control del sistema [NR] (OCoLC)862761607
Numero Cancelado/no válido [R] (OCoLC)870520013
040 ## - FUENTE DE CATALOGACION [NR]
Agencia de catalogación original [NR] CO-BoUCM
Idioma de catalogación [NR] spa
Quien Cataloga Jose A. Gerena
Quien Clasifica Jose A. Gerena
041 0# - CODIGO DE IDIOMA [R]
Código de idioma para texto/pista de sonido o título separado [R] Inglés
245 00 - MENCION DE TITULO [NR]
Título [NR] Understanding complex urban systems
Parte restante del título [NR] multidisciplinary approaches to modeling
Mención de responsabilidad, etc. [NR] editores Christian Walloth, Jens Martin Gurr, J. Alexander Schmidt
260 ## - PUBLICACION, DISTRIBUCION, ETC. (PIE DE IMPRENTA) [R]
Lugar de publicación, distribución, etc. [R] Viena (Austria)
Nombre del editor, distribuidor, etc. [R] Springer
Fecha de publicación, distribución, etc. [R] 2014
300 ## - DESCRIPCION FISICA [R]
Extensión [R] xi, 158 páginas
Otros detalles físicos [NR] ilustraciones, mapas, fotografías
490 1# - MENCION DE SERIE [R]
Mención de serie [R] Springer complexity
490 1# - MENCION DE SERIE [R]
Mención de serie [R] Understanding complex systems
504 ## - NOTA DE BIBLIOGRAFIA, ETC. [R]
Nota de bibliografía, etc. [NR] Incluye referencias bibliográficas e índices
505 ## - NOTA DE CONTENIDO CON FORMATO PREESTABLECIDO [R]
State manifest and birth record (1764-1977). Urban complexity' from a literary and cultural studies perspective: key cultural dimensions and the challenges of "modeling" / Jens Martin Gurr
650 #7 - ASIENTO SECUNDARIO DE MATERIA - TERMINO TEMATICO [R]
Término temático o nombre geográfico como elemento de entrada [NR] Comunidades urbanas
9 (RLIN) 11423
650 #7 - ASIENTO SECUNDARIO DE MATERIA - TERMINO TEMATICO [R]
Término temático o nombre geográfico como elemento de entrada [NR] Desarrollo urbano
Subdivisión general [R] Aspectos sociales
9 (RLIN) 12996
650 #7 - ASIENTO SECUNDARIO DE MATERIA - TERMINO TEMATICO [R]
Término temático o nombre geográfico como elemento de entrada [NR] Ciudades y pueblos
9 (RLIN) 10961
Subdivisión general [R] Modelos matemáticos
650 #7 - ASIENTO SECUNDARIO DE MATERIA - TERMINO TEMATICO [R]
Término temático o nombre geográfico como elemento de entrada [NR] Sociología urbana
9 (RLIN) 24816
690 ## - ASUNTO AGREGADO LOCAL DE ENTRADA - TÉRMINO TEMÁTICO (OCLC, RLIN)
9 (RLIN) 42914
Acceso temático local Sociología
700 1# - ASIENTO SECUNDARIO - NOMBRE PERSONAL [R]
Nombre personal [NR] Walloth, Christian
Término de relación [R] editor
9 (RLIN) 69367
700 1# - ASIENTO SECUNDARIO - NOMBRE PERSONAL [R]
Nombre personal [NR] Gurr, Jens Martin
Término de relación [R] editor
9 (RLIN) 69368
700 1# - ASIENTO SECUNDARIO - NOMBRE PERSONAL [R]
Nombre personal [NR] Schmidt, J. Alexander
Término de relación [R] editor
9 (RLIN) 69369
942 ## - ELEMENTOS DE ENTRADA AGREGADOS (KOHA)
Sistema de clasificación DEWEY
Tema principal Sociología
Tipo de ítem principal el descrito en 300a Libro
Edición 1
Clasificación 307.76
Parte restante de la signatura top. U554
Existencias
Total préstamos Signatura topográfica Código de barras Última vez visto Ejemplar Costo de reposición Price effective from Tipo de ítem Perdido Sistema de clasificación Dañado No prestable Tipo de ítem específico Suprimido Ubicación habitual Ubicación actual Localización Fecha de creación Proveedor Forma de adquisición Costo
  307.76 U554 100146295 10/12/2025 Ej.1 298521.00 12/05/2015 Libro   DEWEY     Libro   Claustro Claustro 2do piso 12/05/2015 19 Compra 298521.00